000 00607nam a2200229Ia 4500
003 OSt
005 20220924122640.0
006 a|||||r|||| 00| 0
007 ta
008 220923b |||||||| |||| 00| 0 per d
024 _a330776
037 _cTextual
040 _aARTS
_cARTS
_bper
041 _2per
_aper
082 _aU8.46.L9, 164K8
100 _aQadir Muhibul
_9190213
245 0 _aWaqai-e-manazil Rum
260 _aLucknow
_bDanishgah islami India
_c1968
650 _aTRAVEL
942 _hU8.46.L9, 164K8
_cTEXL
_2CC
999 _c412479
_d412479